000 00705cab a2200217 4500
001 WB3301-09
008 090401t1996 xxu||||| |||| 00| 0 eng d
035 _a(Sirsi) u12757
041 _aeng
245 _aBritain`s greenest house
260 _c1996
350 _a0
490 _aIndependent
_v14 December 1996, 6(1)
520 _aA green housing development has been given the go-ahead for Kentish Town in north London. The four homes will rely on solar power and recycle their water. Turf roofs will provide insulation.
650 _aGREEN BUILDINGS
650 _aSOLAR ENERGY
650 _aTURF ROOFS
690 _aBUILT ENVIRONMENT-CONSTRUCTION DESIGN
942 _n0
948 _c04/03/1997
999 _c8172
_d8172